| 000 | 00527ntaaa2200193 4500 | ||
|---|---|---|---|
| 003 | 01 | ||
| 005 | 20251027202315.0 | ||
| 008 | 0714s1973 ag 01 | ||
| 040 |
_aAR-BaBN _bspa _cAR-BaBN _eaacr _dRIC |
||
| 082 | _a280.1000 G35 | ||
| 245 | _aMeet the church | ||
| 250 | _a1 ed. | ||
| 260 |
_aGeneva : _bDepartment on the Laity, World Council of Churches, _cc1959 |
||
| 300 | _a33 p | ||
| 650 |
_aWorld Council of Churches _918354 |
||
| 650 |
_aConcilio Mundial de Iglesias _93998 |
||
| 700 |
_aGibbs, Mark _921637 |
||
| 942 | _cBK | ||
| 999 |
_c17874 _d17874 |
||